000 04244cam a22004211i 4500
003 SA-RiAUC
005 20250717092436.0
008 250717s1978 le g 0000m ara c
040 _aSA-RiAUC
_bara
_cSA-RiAUC
_erda
050 4 _b.Q23 1978
082 0 4 _a267.6
_qSA-RiAUC
090 _a267.6
_b ق ا ض
100 1 _aالقاضي التنوخي، المحسن بن علي بن محمد،
_d237-384 هجري
_eمؤلف.
245 1 0 _aكتاب الفرج بعد الشدة /
_cتأليف القاضي أبي علي المحسن التنوخي ؛ تحقيق عبود الشالجي.
246 3 0 _aالفرج بعد الشدة
246 3 4 _aAlfaraj bad al-shiddah
250 _aالطبعة الأولى.
264 1 _aبيروت :
_bدار صادر،
_c1978
300 _a5 مجلد ؛
_c25 سم
336 _aنص
_btxt
_2rdacontent
_3كتاب
337 _aبدون وسيط
_bn
_2rdamedia
338 _aمجلد
_bnc
_2rdacarrier
500 _aكشافات : مجلد 5 : صفحة 107-289.
504 _aببليوجرافية : مجلد 5 : صفحة 290-303.
650 7 _aالفرج (تصوف إسلامي)
_2aucsh
650 7 _aالصبر (تصوف إسلامي)
_2aucsh
650 7 _aالتصوف الإسلامي
_2aucsh
650 7 _aالأخلاق الإسلامية
_2aucsh
650 7 _aالوعظ والإرشاد
_2aucsh
700 1 _aالشالجي، عبود،
_d1911-1996
_eمحقق.
700 1 2 _iتحقيق لـ :
_aالقاضي التنوخي، المحسن بن علي بن محمد،
_d237-384 هجري.
_tالفرج بعد الشدة
856 _uhttp://www.alwaraq.net/Core/AlwaraqSrv/bookpage?book=275&option=1&fkey=2&page=1
_yDigital Copy
_2 نرجو الانتباه لإمكانية وجود اختلاف في الطبعة أو الناشر بين البيانات على البوابة وما ستجده على الكتاب نظرا لمحدودية المعلومات المتاحة على الموقع الناشر للمادة.
_3Please note that there may be a difference in the edition or publisher between the data on the portal and the book due to the limited information available on the publisher website for the material.
856 _uhttp://www.alwaraq.net/Core/waraq/coverpage?bookid=275&option=1
_yExternal Link
_2 نرجو الانتباه لإمكانية وجود اختلاف في الطبعة أو الناشر بين البيانات على البوابة وما ستجده على الكتاب نظرا لمحدودية المعلومات المتاحة على الموقع الناشر للمادة.
_3Please note that there may be a difference in the edition or publisher between the data on the portal and the book due to the limited information available on the publisher website for the material.
856 _uhttp://dlib.nyu.edu/aco/book/columbia_aco002927/1?lang=ar
_yDigital Copy
_2 نرجو الانتباه لإمكانية وجود اختلاف في الطبعة أو الناشر بين البيانات على البوابة وما ستجده على الكتاب نظرا لمحدودية المعلومات المتاحة على الموقع الناشر للمادة.
_3Please note that there may be a difference in the edition or publisher between the data on the portal and the book due to the limited information available on the publisher website for the material.
856 _uhttp://dl-img.home.nyu.edu/adore-djatoka/resolver?url_ver=Z39.88-2004&svc_id=info%3Alanl-repo/svc/getRegion&svc_val_fmt=info%3Aofi/fmt%3Akev%3Amtx%3Ajpeg2000&svc.format=image/jpeg&rft_id=http%3A//dlib.nyu.edu/files/books/columbia_aco002927/columbia_aco002927_n000001_d.jp2&svc.scale=230
_yCoverImage
_2 نرجو الانتباه لإمكانية وجود اختلاف في الطبعة أو الناشر بين البيانات على البوابة وما ستجده على الكتاب نظرا لمحدودية المعلومات المتاحة على الموقع الناشر للمادة.
_3Please note that there may be a difference in the edition or publisher between the data on the portal and the book due to the limited information available on the publisher website for the material.
942 _2ddc
_cBOOK
_n0
949 _aSA-JeALM
_d250717
_ueid123
_n1
999 _c10017
_d10017